Evénements du 28 juillet - Statistiques

Statistiques générales
  • Ce quiz a été pris 31 fois
  • Le résultat moyen est 10 sur 15
Statistiques - réponses
Hint Réponse % Correct
Bombardements anglais sur Hambourg - 42000 morts 1943
100%
Exécution des frères Robespierre et de leurs partisans 1794
96%
Sacre de Pépin le Bref 754
96%
L'Autriche-Hongrie déclare la guerre à la Serbie 1914
92%
Napoléon Bonaparte décide de faire de Montauban une préfecture 1808
84%
Naissance de Jacqueline Kennedy 1929
84%
Exécution de Christian Ranucci 1976
80%
Mort de Cyrano de Bergerac 1655
64%
Naissance de Marcel Duchamp 1887
56%
Naissance de Hugo Chavez 1954
52%
Naissance de Fabre d'Eglantine et Mort de Jean-Sébastien Bach 1750
44%
Attentat de Fieschi contre Louis Philippe 1835
44%
Déclaration d'indépendance du Pérou 1821
36%
Mort d'Antonio Vivaldi 1741
32%
Mort de Joseph Bonaparte, frère de Napoléon 1er 1844
28%
Aucun quiz correspondant
Distribution des résultats
% des personnes avec chaque résultat
Percentile par nombre de réponses
Votre historique - résultats
Vous n’avez pas pris ce quiz